| 000 | 00331nam a22001337a 4500 | ||
|---|---|---|---|
| 003 | SGT | ||
| 082 | _a340,VER | ||
| 100 | _aVERRI,PIETRO | ||
| 245 | _aDICTIONARY OF THE INTERNATIONAL LAW OF ARMED CONFLICT | ||
| 260 |
_aNEW DELHI _bICRC _c1992 |
||
| 300 | _a145 | ||
| 650 | _aDICTIONARY OF THE INTERNATIONAL LAW | ||
| 942 |
_2ddc _cBK _01 |
||
| 999 |
_c11202 _d11202 |
||